Ministrowie Polskiego rządu - Statystyki

Ogólne statystyki
  • Ten quiz został rozwiązany 272 razy
  • Średni wynik to 12 z 25
Statystyki odpowiedzi
Funkcja rządowa Imię i Nazwisko % Poprawnych
Prezes Rady Ministrów Mateusz Morawiecki
97%
Minister Cyfryzacji Mateusz Morawiecki
97%
Minister Obrony Narodowej, (wiceprezes rady ministrów) Mariusz Błaszczak
91%
Minister Sprawiedliwości Zbigniew Ziobro
91%
Minister Edukacji i Nauki Przemysław Czarnek
89%
Minister Aktywów Państwowych, (wiceprezes rady ministrów) Jacek Sasin
75%
Minister Zdrowia Adam Niedzielski
69%
Minister Kultury i Dziedzictwa Narodowego, (wiceprezes rady ministrów) Piotr Gliński
68%
Minister Spraw Wewnętrznych i Administracji Mariusz Kamiński
67%
Minister Spraw Zagranicznych Zbigniew Rau
61%
Minister Rodziny i Polityki Społecznej Marlena Maląg
53%
Minister Klimatu i Środowiska Anna Moskwa
49%
Minister Rolnictwa i Rozwoju Wsi, (wiceprezes rady ministrów) Henryk Kowalczyk
47%
Minister Sportu i Turystyki Kamil Bortniczuk
39%
Minister Infrastruktury Andrzej Adamczyk
34%
Minister Rozwoju i Technologii Waldemar Buda
31%
Minister bez Teki Michał Dworczyk
29%
Minister Funduszy i Polityki Regionalnej Grzegorz Puda
25%
Minister Finansów Magdalena Rzeczkowska
23%
Minister bez Teki Łukasz Schreiber
17%
Minister bez Teki Agnieszka Ścigaj
13%
Minister bez Teki Michał Wójcik
12%
Minister do Spraw Bezpieczeństwa Narodowego i Spraw Obronnych Zbigniew Hoffmann
12%
Minister bez Teki Włodzimierz Tomaszewski
10%
Minister bez Teki Konrad Szymański
6%
Nie znaleziono quizów pasujących do podanych kryteriów
Rozkład punktacji
Procent ludzi z każdym wynikiem
Percentyl według liczby udzielonych odpowiedzi
Twoja historia wyników
Nie rozwiązałeś tego quizu